000 01032nam a2200265 i 4500
003 DO-SdBNP
005 20250609093919.0
007 ta
008 250609s2023 dr ao 000 0 spa d
040 _aDO-SdBNP
_bspa
_cBNPHU
_erda
082 _a338.047293
_bA837m, 2023
_222
110 1 _aAsociación Nacional de Jóvenes Empresarios (ANJE)
_988017
245 1 0 _aMemorias institucionales :
_b2022-2023 /
264 1 _aSanto Domingo :
_bAsociación Nacional de Jóvenes Empresarios (ANJE),
_c[2023].
300 _a181 páginas :
_bilustraciones, fotografías ;
_c28 cm.
336 _atexto
_btxt
_2rdacontent
337 _asin mediación
_bn
_2rdamedia
338 _avolumen
_bnc
_2rdacarrier
590 _aInventariado, 2025/ YL
600 1 _aAsociación Nacional de Jóvenes Empresarios (ANJE)
_xMemorias
_y2022-2023
_988018
650 _aEmpresas privadas
_xMemorias
_yRepública Dominicana
_988019
856 _yhttps://anje.org/wp-content/uploads/2022/10/Memorias-ANJE-22_digital.pdf
910 _aYLockward
942 _2ddc
_cLBS1
999 _c59174
_d59174